Daily Country Riddle #98 - Statistics

General Stats
  • This quiz has been taken 183 times
  • The average score is 10 of 13
Answer Stats
Type Answer % Correct
Found Letter E
91%
Found Letter I
89%
Found Letter C
83%
Found Letter O
79%
Correctly Placed Letter C
78%
Found Letter M
73%
Correctly Placed Letter E
72%
Correctly Placed Letter I
70%
Correctly Placed Letter M
67%
Correctly Placed Letter O
66%
Mystery Country Mexico
64%
Correctly Placed Letter X
64%
Found Letter X
64%
No matching quizzes found
Score Distribution
Percent of People with Each Score
Percentile by Number Answered
Your Score History
You have not taken this quiz